MEDICINAL CHEMISTRY: DURG ACTING ON NERVOUS SYSTEMS (Record no. 7106)

MARC details
000 -LEADER
fixed length control field 00283nam a2200121Ia 4500
082 ## - DEWEY DECIMAL CLASSIFICATION NUMBER
Classification number 615.19
Item number M14K
100 ## - MAIN ENTRY--PERSONAL NAME
Personal name KALARA, KAPIL
245 ## - TITLE STATEMENT
Title MEDICINAL CHEMISTRY: DURG ACTING ON NERVOUS SYSTEMS
260 ## - PUBLICATION, DISTRIBUTION, ETC. (IMPRINT)
Name of publisher, distributor, etc PLARMA MED PRESS
300 ## - PAGE DESCRIPTION
No. of Pages 144
650 ## - SUBJECT ADDED ENTRY--TOPICAL TERM
Topical term or geographic name as entry element CHEMISTRY
942 ## - ADDED ENTRY ELEMENTS (KOHA)
Source of classification or shelving scheme Dewey Decimal Classification
Koha item type Books
Holdings
Withdrawn status Lost status Source of classification or shelving scheme Damaged status Not for loan Collection code Home library Current library Date acquired Vendor Name Cost, normal purchase price SGTU Bill Number Total Checkouts Full call number Accession No. (Barcode) Date last seen Bill Date Koha item type Date last borrowed Shelving location
    Dewey Decimal Classification     PHARMACY SGT FA-FP Library SGT FA-FP Library 02/07/2015 ABC DELHI 110.00 SGTU 492   615.19 M14K FP381 13/09/2022 24/11/2014 Books    
    Dewey Decimal Classification     PHARMACY SGT FA-FP Library SGT FA-FP Library 02/07/2015 ABC DELHI 110.00 SGTU 492   615.19 M14K FP382 02/07/2015 24/11/2014 Books    
    Dewey Decimal Classification     PHARMACY SGT FA-FP Library SGT FA-FP Library 02/07/2015 ABC DELHI 110.00 SGTU 492 1 615.19 M14K FP383 13/04/2021 24/11/2014 Books 25/03/2021  
    Dewey Decimal Classification     PHARMACY SGT FA-FP Library SGT FA-FP Library 02/07/2015 ABC DELHI 110.00 SGTU 492 1 615.19 M14K FP384 26/03/2019 24/11/2014 Books 22/03/2019  
    Dewey Decimal Classification     PHARMACY SGT FA-FP Library SGT FA-FP Library 02/07/2015 ABC DELHI 110.00 SGTU 492   615.19 M14K FP385 02/07/2015 24/11/2014 Books   Reference Book